• 首页
  • 本馆介绍
  • 公告通知
  • 最新文献
  • 馆藏检索
  • 电子资源
  • 读者导购
  • 参考咨询
  • 我的图书馆
  • 登录
  • 详细信息显示
  • 放入我的书架
  • 预约/预借图书
  • 作者相关作品
  • 分类相关作品
  • 丛书相关作品
  • 出版社相关作品

书目信息

  • 表格格式
  • 工作单格式
  • 卡片格式
题名:
低压配电与低压电器简明手册
    
 
作者: 葛剑青 主编
分册:  
出版信息: 北京   电子工业出版社  2008.09
页数: 584页
开本: 15cm
丛书名: 电工简明手册系列
单 册:
中图分类: TM726.2-62
科图分类:
主题词: 低电压--输配电线路
电子资源:
ISBN: 978-7-121-06969-7
000 00700nam0 2200217 450
001 0837049979
005 20081210111204.53
010    @a978-7-121-06969-7@dCNY19.80
100    @a20081210d2008 km y0chiy0120 ea
101 0  @achi
102    @aCN@b110000
200 1  @a低压配电与低压电器简明手册@Adi ya pei dian yu di ya dian qi jian ming shou ce@f葛剑青主编@Fge jian qing zhu bian
210    @a北京@c电子工业出版社@d2008.09
215    @a584页@d15cm
225 2  @a电工简明手册系列
410  0 @12001 @a电工简明手册系列
606 0  @a低电压@x输配电线路
690    @aTM726.2-62@v4
701  0 @a葛剑青@Age jian qing@4主编
801  0 @aCN@b山东省滨州职业学院图书馆@c20081210
905    @aBZT@dTM726.2-62@e1@f5
    
    低压配电与低压电器简明手册/葛剑青主编.-北京:电子工业出版社,2008.09
    584页;15cm.-(电工简明手册系列)
    
    
    ISBN 978-7-121-06969-7:CNY19.80
    
●
相关链接 在五车中查询图书 在当当中查询图书 在豆瓣中查询图书


正题名:低压配电与低压电器简明手册     索取号:TM726.2-62/1         预约/预借

序号 登录号 条形码 馆藏地/架位号 状态 备注
1 0688927   2000688927   样本书库/样005架B面2层2列/ [索取号:TM726.2-62/1] 在馆    
2 0688928   2000688928   中心书库中库/ 中库029架A面3列1层55/ [索取号:TM726.2-62/1] 在馆    
3 0688929   2000688929   中心书库中库/ 中库029架A面3列1层57/ [索取号:TM726.2-62/1] 在馆    
4 0688930   2000688930   中心书库中库/ 中库029架A面3列1层54/ [索取号:TM726.2-62/1] 在馆    
5 0688931   2000688931   中心书库中库/ 中库029架A面3列1层56/ [索取号:TM726.2-62/1] 在馆    
山东省滨州职业学院图书馆 欢迎您!
大连网信软件有限公司© 版权所有